| 000 | 00620nam a2200169Ia 4500 | ||
|---|---|---|---|
| 008 | 0000002006 d 0000000000spa00 | ||
| 090 | _aPPR02 B21t | ||
| 100 | 1 |
_aBechara, Tony _d1942 |
|
| 245 | 1 | 0 |
_aTony Bechara _b: 3 imágenes [Disco compacto] |
| 300 | _a1 CD ROM bajo windows ; 12 cm. | ||
| 505 | _a4 imágenes High Valler Purples T. Bechara Titles | ||
| 600 | 0 | 0 |
_aBECHARA, TONY, 1942/ _xTRABAJOS PICTORICOS |
| 650 | 1 | 4 | _aARTE CONTEMPORANEO PUERTORRIQUEÑO CDROM |
| 650 | 1 | 4 | _aPINTORES PUERTORRIQUEÑOS CDROM |
| 650 | 1 | 4 | _aPINTURA PUERTORRIQUEÑA CDROM |
| 999 |
_c9073 _d9073 |
||
| 260 |
_a< s.l. : s.n. > _c2006 |
||